[Event "IECC M email"]
[Site "IECC email"]
[Date "2001.07.24"]
[Round "?"]
[White "Nuriel, Avikam"]
[Black "Mathes, Christian"]
[Result "0-1"]
[WhiteElo "964"]
[BlackElo "1114"]
[PlyCount "50"]
[EventDate "2001.??.??"]
[EventType "tourn (corr)"]
[EventRounds "6"]
[SourceTitle "Corr 2008"]
[Source "ChessBase"]
[SourceDate "2008.06.24"]
[SourceVersion "1"]
[SourceVersionDate "2008.06.24"]
[SourceQuality "1"]

1. e4 c5 2. Nc3 e6 3. Nf3 a6 4. d4 cxd4 5. Qxd4 Nc6 6. Qd2 d6 7. Be2 Nf6 8. 0-0 Be7 9. b3 0-0 10. Bb2 b5 11. Bd3 Bb7 12. Ne2 Qc7 13. Nf4 Rfd8 14. Rfe1 Rac8 15. Bc3 Qb8 16. h3 Qa8 17. g4 Nb8 18. e5 dxe5 19. Nxe5 Ne4 20. Rxe4 Bxe4 21. Rd1 Bxd3 22. cxd3 Bg5 23. Bb2 f6 24. Qe3 Bxf4 25. Qxf4 Rc2 0-1